Decorative Work in Wrought Iron and other Metals / (Record no. 5615)
[ view plain ]
| 000 -LEADER | |
|---|---|
| fixed length control field | 00616nam a2200217 a 4500 |
| 001 - CONTROL NUMBER | |
| JCCL Control Number | 5615 |
| 003 - CONTROL NUMBER IDENTIFIER | |
| JCCL marc code | BD-JhCC |
| 005 - DATE AND TIME OF LATEST TRANSACTION | |
| control field | 20171218200046.0 |
| 008 - FIXED-LENGTH DATA ELEMENTS--GENERAL INFORMATION | |
| fixed length control field | 171218s1967 u a|||| ||a| 000 0 eng d |
| 035 ## - SYSTEM CONTROL NUMBER | |
| system control number | (BD-JhCC) 5615 |
| 040 ## - CATALOGING SOURCE | |
| Original cataloging agency | BD-JhCC |
| Modifying agency | BD-JhCC |
| 041 ## - LANGUAGE CODE | |
| Language code of Book | eng |
| 082 ## - DEWEY DECIMAL CLASSIFICATION NUMBER | |
| Classification number | 730.924 |
| Author mark and Year | KUH 1967 |
| 100 ## - MAIN ENTRY--PERSONAL NAME | |
| Personal name | KUNN, FRITZ |
| 245 ## - TITLE STATEMENT | |
| Title | Decorative Work in Wrought Iron and other Metals / |
| Statement of responsibility, etc | FRITZ KUNN |
| 260 ## - PUBLICATION, DISTRIBUTION, ETC. (IMPRINT) | |
| Place of publication, distribution, etc | London : |
| Name of publisher, distributor, etc | GEORGE G. HARRAP & CO. LTD,LONDON , |
| Date of publication, distribution, etc | 1967 |
| 300 ## - PHYSICAL DESCRIPTION | |
| Pagination | 152 P .: |
| Dimensions | 27 cm . |
| 650 ## - SUBJECT ADDED ENTRY--TOPICAL TERM | |
| Topical term or geographic name as entry element | Art metal work, Decoration and ornament,Wrought-Iron |
| 942 ## - ADDED ENTRY ELEMENTS (KOHA) | |
| Source of classification or shelving scheme | Dewey Decimal Classification |
| Koha item type | Books |
No items available.